00284nam a2200085Ia 4500008004100000100002800041245007800069260004200147260000900189170620s9999 xx 000 0 und d aRao- Digumarti Bhaskara 0aIssues in School Education- The Views of Legendary Educator Marlow Ediger bNew Delhi- Discovery Publishing House c2003